| 000 | 00655nam a2200253 a 4500 | ||
|---|---|---|---|
| 001 | nice12345678 | ||
| 003 | IN_TiNIC | ||
| 005 | 20260116013320.0 | ||
| 008 | 050524s1995 dela grp 000 0 eng | ||
| 020 |
_a8185063 _c95 |
||
| 082 | 0 | 0 |
_a305.480297 _bKHA3 |
| 100 | _aKhan, Waheeduddin | ||
| 245 | _aWoman Between Islam and Western Society | ||
| 260 |
_aDelhi _bIslamic Centre(al-Risala Office _c1995 |
||
| 300 | _a256p | ||
| 500 | _aincludes index and biblioraphy | ||
| 505 | 2 | _aAppendices | |
| 650 | _aMuslim Women | ||
| 650 | _aWomen in Islam | ||
| 700 | 1 | _aKhan, Waheeduddin | |
| 902 | _bSRS | ||
| 942 | _cBK | ||
| 999 |
_c10524 _d10524 |
||